[Event "UKR Universiad B1 8th"]
[Site "Evpatoria"]
[Date "2007.06.10"]
[Round "7"]
[White "Kalinin, Mikolaj"]
[Black "Vypkhaniuk, Igor"]
[Result "1/2-1/2"]
[WhiteElo "2217"]
[BlackElo "2270"]
[PlyCount "62"]
[EventDate "2007.06.07"]
[EventType "swiss"]
[EventRounds "7"]
[EventCountry "UKR"]
[SourceTitle "EXT 2008"]
[Source "ChessBase"]
[SourceDate "2007.11.25"]
[SourceVersion "1"]
[SourceVersionDate "2007.11.25"]
[SourceQuality "1"]

1. e4 c5 2. Ne2 Nc6 3. c4 g6 4. d4 cxd4 5. Nxd4 Bg7 6. Be3 Nf6 7. f3 0-0 8. Qd2 b6 9. Nc3 Bb7 10. Be2 e6 11. Ndb5 d5 12. cxd5 exd5 13. Nxd5 Nxd5 14. exd5 Ne7 15. d6 Nd5 16. Bf2 a6 17. Nc7 Nxc7 18. Bxb6 Qh4+ 19. Bf2 Qd8 20. dxc7 Qxc7 21. Rc1 Qe5 22. 0-0 Rad8 23. Qc2 Qxb2 24. Qxb2 Bxb2 25. Rc2 Be5 26. Rb1 Rd7 27. Rb6 Rc8 28. Rxc8+ Bxc8 29. Be3 Rb7 30. g3 Rxb6 31. Bxb6 Bc3 1/2-1/2

[Event "UKR Universiad B1 8th"]
[Site "Evpatoria"]
[Date "2007.06.07"]
[Round "2"]
[White "Kalinin, Mikolaj"]
[Black "Sitnikov, Anton"]
[Result "0-1"]
[WhiteElo "2217"]
[BlackElo "2467"]
[PlyCount "110"]
[EventDate "2007.06.07"]
[EventType "swiss"]
[EventRounds "7"]
[EventCountry "UKR"]
[SourceTitle "EXT 2008"]
[Source "ChessBase"]
[SourceDate "2007.11.25"]
[SourceVersion "1"]
[SourceVersionDate "2007.11.25"]
[SourceQuality "1"]

1. c4 c6 2. Nf3 d5 3. b3 Bf5 4. Bb2 e6 5. d3 h6 6. Nbd2 Nf6 7. g3 Be7 8. Bg2 0-0 9. 0-0 Nbd7 10. Re1 Bh7 11. Qc1 a5 12. a3 Rc8 13. Bc3 Qc7 14. Qb2 c5 15. d4 Ne4 16. Nxe4 dxe4 17. Nd2 cxd4 18. Bxd4 e5 19. Bc3 f5 20. b4 b6 21. e3 h5 22. Rad1 axb4 23. axb4 h4 24. Ra1 hxg3 25. hxg3 Rf6 26. Ra6 Bg6 27. Rea1 Bf7 28. Ra7 Qd8 29. Rb7 Rc7 30. Rxc7 Qxc7 31. Qa2 Bf8 32. Qa7 Qd6 33. Qb7 Qd3 34. Rc1 Rh6 35. Qc7 Bh5 36. Bf1 Be2 37. Bg2 Re6 38. Qb7 Nf6 39. c5 bxc5 40. bxc5 Qd5 41. Qxd5 Nxd5 42. Nb3 Nxc3 43. Rxc3 Rc6 44. Bf1 Bxf1 45. Kxf1 Kf7 46. g4 g6 47. gxf5 gxf5 48. Kg2 Ke6 49. Kg3 Be7 50. Rc1 Rc7 51. c6 Kd5 52. Na5 Bb4 53. Rd1+ Kc5 54. Nb7+ Kxc6 55. Nd8+ Kb6 0-1

[Event "Ilichevsk Sunny Pawn-B"]
[Site "Ilichevsk"]
[Date "2006.07.28"]
[Round "9"]
[White "Kalinin, Mikolaj"]
[Black "Alaev, Pavel"]
[Result "1-0"]
[WhiteElo "2247"]
[BlackElo "2101"]
[PlyCount "77"]
[EventDate "2006.07.20"]
[EventType "tourn"]
[EventRounds "13"]
[EventCountry "UKR"]
[EventCategory "1"]
[SourceTitle "CBM 113 Extra"]
[Source "ChessBase"]
[SourceDate "2006.09.14"]
[SourceVersion "1"]
[SourceVersionDate "2006.09.14"]
[SourceQuality "1"]

1. e4 e5 2. Nf3 Nc6 3. Bb5 Nge7 4. 0-0 g6 5. c3 Bg7 6. d4 exd4 7. cxd4 d5 8. e5 0-0 9. h3 a6 10. Be2 h6 11. Ne1 Nf5 12. Nc2 Qh4 13. f4 Ng3 14. Rf3 Nxe2+ 15. Qxe2 Bf5 16. Be3 Be4 17. Rf1 Qg3 18. Nc3 Bxc2 19. Rf3 Qh4 20. Qxc2 Qd8 21. f5 f6 22. e6 gxf5 23. Rxf5 Ne7 24. Rh5 Qe8 25. Rxh6 f5 26. Re1 c6 27. g4 Bxh6 28. Bxh6 Rf6 29. g5 Rxh6 30. gxh6 Qg6+ 31. Qg2 Kh7 32. Qxg6+ Nxg6 33. Kf2 b5 34. e7 Re8 35. Re6 Nxe7 36. Ne2 Kg8 37. Nf4 Kf7 38. h7 Kg7 39. Rxe7+ 1-0

[Event "Ilichevsk Sunny Pawn-B"]
[Site "Ilichevsk"]
[Date "2006.07.27"]
[Round "8"]
[White "Skalski, Michal"]
[Black "Kalinin, Mikolaj"]
[Result "1-0"]
[WhiteElo "2343"]
[BlackElo "2247"]
[PlyCount "75"]
[EventDate "2006.07.20"]
[EventType "tourn"]
[EventRounds "13"]
[EventCountry "UKR"]
[EventCategory "1"]
[SourceTitle "CBM 113 Extra"]
[Source "ChessBase"]
[SourceDate "2006.09.14"]
[SourceVersion "1"]
[SourceVersionDate "2006.09.14"]
[SourceQuality "1"]

1. d4 d6 2. c4 e5 3. d5 f5 4. e4 Nf6 5. exf5 Bxf5 6. Nc3 Nbd7 7. Nge2 Nc5 8. Ng3 Bg6 9. Be3 Nce4 10. Ncxe4 Nxe4 11. Bd3 Nxg3 12. hxg3 Bxd3 13. Qxd3 g6 14. 0-0-0 Qd7 15. Rh3 0-0-0 16. Rdh1 a6 17. Kc2 Qf7 18. g4 Kb8 19. Qe4 h5 20. gxh5 Rxh5 21. Rxh5 gxh5 22. Rh3 Qd7 23. b3 Qf7 24. Rf3 Qg7 25. Rg3 Qf7 26. Qg6 Qxg6+ 27. Rxg6 Be7 28. Rg7 Re8 29. Kd3 Kc8 30. Ke4 Bd8 31. c5 Rh8 32. c6 bxc6 33. dxc6 Rf8 34. b4 Bf6 35. Rg6 Kd8 36. Rxf6 Rxf6 37. Bg5 Ke7 38. a4 1-0

[Event "Ilichevsk Sunny Pawn-B"]
[Site "Ilichevsk"]
[Date "2006.07.24"]
[Round "5"]
[White "Kalinin, Mikolaj"]
[Black "Aliferenko, Aleksei"]
[Result "0-1"]
[WhiteElo "2247"]
[BlackElo "2246"]
[PlyCount "104"]
[EventDate "2006.07.20"]
[EventType "tourn"]
[EventRounds "13"]
[EventCountry "UKR"]
[EventCategory "1"]
[SourceTitle "CBM 113 Extra"]
[Source "ChessBase"]
[SourceDate "2006.09.14"]
[SourceVersion "1"]
[SourceVersionDate "2006.09.14"]
[SourceQuality "1"]

1. c4 Nf6 2. Nf3 g6 3. b3 Bg7 4. Bb2 0-0 5. e3 d6 6. Be2 e5 7. d4 Nbd7 8. Nc3 Re8 9. Qc2 b6 10. d5 Nc5 11. e4 a5 12. a3 a4 13. b4 Nb3 14. Rd1 Bd7 15. 0-0 Nh5 16. g3 Bh6 17. Ne1 Nf6 18. Bf3 Nd4 19. Qd3 Rf8 20. Bg2 Nb3 21. Ne2 Bg7 22. Nc1 Nd4 23. Bxd4 exd4 24. Nc2 Re8 25. f4 Ng4 26. Nxd4 h5 27. Rfe1 Qf6 28. h3 Nh6 29. Nce2 g5 30. c5 bxc5 31. bxc5 dxc5 32. e5 Qb6 33. e6 cxd4 34. exd7 Re3 35. Qb1 Qxb1 36. Rxb1 Rd8 37. fxg5 Nf5 38. Nf4 Nxg3 39. Rxe3 dxe3 40. Bf3 Rxd7 41. Rb8+ Bf8 42. Bxh5 Kg7 43. Kg2 e2 44. Re8 Nxh5 45. Nxh5+ Kg6 46. Ng3 Bxa3 47. Nxe2 Re7 48. Rxe7 Bxe7 49. h4 a3 50. Nc3 Bb4 51. Na2 Be1 52. Kh3 Kh5 0-1

[Event "Evpatoria tt U20"]
[Site "Evpatoria"]
[Date "2006.05.07"]
[Round "5"]
[White "Matjushin, Gennady"]
[Black "Kalinin, Mikolaj"]
[Result "1-0"]
[WhiteElo "2459"]
[BlackElo "2247"]
[PlyCount "33"]
[EventDate "2006.05.05"]
[EventType "team-tourn"]
[EventRounds "7"]
[EventCountry "UKR"]
[SourceTitle "CBM 112 Extra"]
[Source "ChessBase"]
[SourceDate "2006.07.14"]
[SourceVersion "1"]
[SourceVersionDate "2006.07.14"]
[SourceQuality "1"]

1. c4 Nf6 2. Nf3 e6 3. g3 b6 4. Bg2 Bb7 5. d4 Bb4+ 6. Bd2 Qe7 7. 0-0 Bxd2 8. Qxd2 d6 9. Nc3 0-0 10. Rfe1 Ne4 11. Qc2 Nxc3 12. Ng5 Ne4 13. Bxe4 d5 14. Bxd5 Qxg5 15. Bxb7 Nd7 16. Bxa8 Rxa8 17. Qe4 1-0

[Event "UKR-ch sf U20"]
[Site "Ternopol"]
[Date "2003.12.15"]
[Round "5"]
[White "Kalinin, Mikolaj"]
[Black "Tkach, Vladimir"]
[Result "1-0"]
[WhiteElo "2247"]
[BlackElo "2050"]
[PlyCount "81"]
[EventDate "2003.12.11"]
[EventType "swiss"]
[EventRounds "9"]
[EventCountry "UKR"]
[SourceTitle "EXT 2008"]
[Source "ChessBase"]
[SourceDate "2007.11.25"]
[SourceVersion "1"]
[SourceVersionDate "2007.11.25"]
[SourceQuality "1"]

1. d4 Nf6 2. Nf3 g6 3. c4 Bg7 4. Nc3 d6 5. g3 0-0 6. Bg2 Nc6 7. e4 e5 8. d5 Ne7 9. 0-0 Nd7 10. Rb1 a5 11. Be3 h6 12. Ne1 f5 13. Nd3 b6 14. Qd2 Kh7 15. b3 Nf6 16. f3 g5 17. exf5 Bxf5 18. Ne4 Bg6 19. Ndf2 Kh8 20. Bh3 Nf5 21. Bxf5 Bxf5 22. Rbc1 Qe8 23. g4 Bh7 24. a3 Nd7 25. Kg2 Nc5 26. Nxc5 bxc5 27. Ne4 Qc8 28. h3 Qb7 29. Rb1 Qa6 30. Qc3 Rf7 31. Rf2 Raf8 32. Qd3 a4 33. b4 cxb4 34. Rxb4 c5 35. dxc6 Qxc6 36. Rb6 Qa8 37. Kg3 Qd8 38. Rxd6 Rxf3+ 39. Rxf3 Rxf3+ 40. Kxf3 Bxe4+ 41. Kxe4 1-0